000 00435nam a22001817a 4500
003 MPLRDC
005 20220104123627.0
008 210129b ||||| |||| 00| 0 eng d
020 _a957-35-0705-6
082 _a293.24 DFM
100 _a东方木
245 _a最新八字优生学
_c
250 _a初版
260 _a
_b武陵出版有限公司
_c1993
300 _b
650 _a命书--八字
942 _cBK
_o293.24 DFM
999 _c12914
_d12904